000
00201 a2200097 4500
001
49490
100
_a
Dich
245
_a
A tale of two cities
260
_a
London
_b
P M Dent
_c
090
_c
32021
_d
32021
942
_a
NUST-CAE
_c
M
_c
24472
999
_c
284563
_d
284563